[Event "Tourn. n10261"]
[Site "www.echecsemail.com"]
[Date "2020.02.18"]
[Round "1"]
[White "Jerome"]
[Black "Chessutopia"]
[WhiteElo "2900"]
[BlackElo "2329"]
[Result "1/2-1/2"]
[Round "1"]
1.e4 e5
2.Ng1f3 d6
3.d4 Ng8f6
4.dxe5 Nf6xe4
5.Qd1d5 Ne4c5
6.Bc1g5 Qd8d7
7.exd6 Bf8xd6
8.Nb1c3 Nb8c6
9.O-O-O a6
10.Kb1 h6
11.Bg5e3 Qd7e7
12.Nf3d4 Nc6xd4
13.Qd5xd4 Bc8e6
14.Bf1c4 O-O-O
15.Nc3d5 Be6xd5
16.Bc4xd5 c6
17.Qd4g4 Nc5e6
18.Bd5c4 b5
19.Bc4b3 Kb7
20.h4 Bd6c7
21.Rh1e1 h5
22.Qg4f3 Rd8xd1
23.Re1xd1 g6
24.Rd1e1 Rh8d8
25.c3 Ne6f4
26.g3 Nf4d3
27.Re1e2 Nd3e5
28.Be3f4 Rd8d7
29.Qf3e3 f6
30.a4 Qe7d8
31.Qe3e4 Rd7e7
32.Re2e1 Qd8d7
33.Re1d1 Qd7g4
34.Rd1d4 Qg4f3
35.Qe4e1 Re7d7
36.Rd4xd7 Ne5xd7
37.Qe1e3 Nd7e5
38.axb5 axb5
39.Qe3xf3 Ne5xf3
40.Bf4xc7 { draw }
1/2-1/2

[Event "Tourn. n10257"]
[Site "www.echecsemail.com"]
[Date "2020.02.18"]
[Round "1"]
[White "Cal"]
[Black "Osopanda"]
[WhiteElo "1750"]
[BlackElo "1630"]
[Result "0-1"]
[Round "1"]
1.Ng1f3 c5
2.Nb1c3 e6
3.e4 d6
4.d3 Ng8f6
5.a3 Bf8e7
6.Bc1g5 O-O
7.b3 Nb8c6
8.h3 Nc6d4
9.Nc3e2 e5
10.Ne2xd4 cxd4
11.Qd1d2 Bc8e6
12.g4 Ra8c8
13.Bf1g2 Rc8c3
14.Bg5xf6 Be7xf6
15.O-O d5
16.Ra1c1 dxe4
17.dxe4 Qd8c7
18.Rf1e1 Bf6e7
19.Re1d1 Rf8c8
20.Nf3h2 h6
21.Nh2f3 f6
22.Nf3e1 Be7xa3
23.Rc1a1 Ba3c5
24.Ne1d3 Bc5b6
25.Nd3b4 a5
26.Nb4d3 Rc3xc2
27.Qd2e1 Be6xb3
28.Ra1b1 a4
29.Nd3b4 d3
30.Nb4d5 Bb3xd5
31.exd5 Bb6xf2
32.Qe1xf2 Rc2xf2
33.Kxf2 Qc7c2
34.Kg3 a3
35.Bg2f3 Rc8c3
36.Rb1xb7 a2
37.Rb7a7 d2
38.Ra7a8 Kf7
39.d6 Rc3xf3
40.Kxf3 Qc2xd1
41.Ke4 Qd1h1
42.Kd3 d1Q
{ resign }
0-1

[Event "Tourn. n10293"]
[Site "www.echecsemail.com"]
[Date "2020.02.18"]
[Round "1"]
[White "Roque1"]
[Black "Osopanda"]
[WhiteElo "1790"]
[BlackElo "1720"]
[Result "1-0"]
[Round "1"]
1.e4 c5
2.Ng1f3 Nb8c6
3.Bf1b5 d6
4.d4 cxd4
5.Nf3xd4 Bc8d7
6.O-O Ng8f6
7.Nb1c3 Nc6xd4
8.Bb5xd7 Qd8xd7
9.Qd1xd4 e5
10.Qd4d3 Bf8e7
11.Bc1e3 O-O
12.f4 exf4
13.Rf1xf4 Ra8c8
14.Ra1f1 a6
15.Nc3d5 Nf6xd5
16.Qd3xd5 Rc8xc2
17.Rf4xf7 Rc2xg2
18.Kxg2 Qd7g4
19.Kh1 Be7f6
20.Rf7xf6 { resign }
1-0

[Event "Match"]
[Site "www.echecsemail.com"]
[Date "2020.02.18"]
[Round "1"]
[White "Apdash"]
[Black "Ericleo1980"]
[WhiteElo "2270"]
[BlackElo "2000"]
[Result "1-0"]
[Round "1"]
1.e4 c5
2.Ng1f3 d6
3.d4 cxd4
4.Nf3xd4 Ng8f6
5.Nb1c3 a6
6.Bf1c4 e6
7.O-O b5
8.Bc4d3 Bc8b7
9.Kh1 Bf8e7
10.f4 O-O
11.e5 Nf6d5
{ time. }
1-0

[Event "Tourn. n10278"]
[Site "www.echecsemail.com"]
[Date "2020.02.18"]
[Round "1"]
[White "Foxy100"]
[Black "Ejner"]
[WhiteElo "2480"]
[BlackElo "2440"]
[Result "1/2-1/2"]
[Round "1"]
1.e4 e6
2.d4 d5
3.Nb1d2 Ng8f6
4.e5 Nf6d7
5.c3 c5
6.Bf1d3 b6
7.Ng1e2 Bc8a6
8.Bd3xa6 Nb8xa6
9.O-O Na6c7
10.Ne2f4 Bf8e7
11.Qd1g4 g6
12.b3 cxd4
13.cxd4 Nd7b8
14.Bc1b2 Qd8d7
15.Ra1c1 Nb8c6
16.Qg4g3 Nc7b5
17.Nd2f3 a5
18.a4 Nb5a7
19.h4 h5
20.Rc1c3 Be7b4
21.Rc3c2 Nc6e7
22.Nf3g5 Ne7f5
23.Qg3d3 Nf5xh4
24.Rf1c1 Ra8c8
25.Rc2xc8 Na7xc8
26.Ng5xe6 fxe6
27.Nf4xg6 Nh4xg6
28.Qd3xg6 Kf8
29.Qg6f6 Kg8
30.Qf6g6 Kf8
31.Qg6f6 { draw }
1/2-1/2

[Event "Tourn. n10265"]
[Site "www.echecsemail.com"]
[Date "2020.02.18"]
[Round "1"]
[White "Krystek23"]
[Black "Said13"]
[WhiteElo "2440"]
[BlackElo "2570"]
[Result "0-1"]
[Round "1"]
1.Ng1f3 Ng8f6
2.c4 g6
3.Nb1c3 Bf8g7
4.e4 d6
5.d4 O-O
6.Bf1e2 e5
7.d5 a5
8.a3 h6
9.O-O Nb8a6
10.b4 axb4
11.axb4 Bc8d7
12.Ra1b1 g5
13.h3 Nf6h7
14.Nf3d2 f5
15.exf5 Bd7xf5
16.Nd2e4 Qd8d7
17.Be2d3 Nh7f6
18.Bc1e3 Nf6xe4
19.Nc3xe4 Qd7e7
20.b5 Na6c5
21.Ne4xc5 dxc5
22.Bd3xf5 Rf8xf5
23.b6 Rf5f6
24.bxc7 Qe7xc7
25.Qd1g4 Bg7f8
26.h4 Qc7g7
27.hxg5 hxg5
 { time }
0-1

[Event "Match"]
[Site "www.echecsemail.com"]
[Date "2020.02.18"]
[Round "1"]
[White "Lucaxrossi"]
[Black "Eeze"]
[WhiteElo "1499"]
[BlackElo "1670"]
[Result "0-1"]
[Round "1"]
1.d4 Ng8f6
2.Ng1f3 h6
3.Nb1c3 d5
4.e3 Bc8g4
5.h3 Bg4h5
6.g4 Bh5g6
7.Bf1b5 c6
8.Bb5xc6 bxc6
9.Nf3e5 e6
10.Qd1d2 Bf8b4
11.Qd2d3 Bg6xd3
12.cxd3 O-O
13.a3 Bb4a5
14.b4 Ba5c7
15.e4 dxe4
16.Nc3xe4 Nf6xe4
17.d5 Bc7xe5
18.dxc6 Qd8xd3
19.b5 Be5c3
20.Bc1d2 Qd3xd2
21.Kf1 Qd2xf2
 { time }
0-1

[Event "Match"]
[Site "www.echecsemail.com"]
[Date "2020.02.18"]
[Round "1"]
[White "Apdash"]
[Black "Szustan"]
[WhiteElo "2210"]
[BlackElo "2680"]
[Result "0-1"]
[Round "1"]
1.e4 e5
2.Ng1f3 Nb8c6
3.Bf1c4 Ng8f6
4.O-O Nf6xe4
5.d4 d5
6.Bc4b5 exd4
7.Nf3xd4 Bc8d7
8.f3 Nc6xd4
9.Bb5xd7 Qd8xd7
10.Qd1xd4 Bf8c5
{ resign }
0-1

[Event "Match"]
[Site "www.echecsemail.com"]
[Date "2020.02.18"]
[Round "1"]
[White "Churrasca"]
[Black "Apdash"]
[WhiteElo "2320"]
[BlackElo "2280"]
[Result "1-0"]
[Round "1"]
1.e4 c5
2.Ng1f3 d6
3.d4 cxd4
4.Nf3xd4 Nb8c6
5.Nb1c3 Ng8f6
6.Bf1e2 g6
7.Bc1e3 Bf8g7
8.Qd1d2 O-O
9.O-O-O Nf6g4
10.Nd4xc6 bxc6
11.Be2xg4 Bc8xg4
12.f3 Bg4d7
13.h4 f6
14.g4 a5
15.Be3d4 a4
16.a3 c5
17.Bd4e3 Ra8b8
18.Be3xc5 Qd8c7
19.Bc5b4 Kh8
20.h5 gxh5
21.Nc3d5 Qc7d8
22.Bb4a5 Qd8e8
23.Ba5c7 Rb8b7
24.Rh1xh5 f5
25.Bc7b6 e6
26.Nd5c7 Qe8b8
27.Bb6d4 Bg7xd4
28.Qd2xd4 e5
29.Qd4xd6 Rb7xc7
30.Qd6xe5 Kg8
31.Rh5g5 Kf7
32.Rg5g7 { resign }
1-0

[Event "1/64 Finale"]
[Site "www.chess-mail.com"]
[Date "2020.02.18"]
[Round "1"]
[White "Osopanda"]
[Black "Ff333"]
[WhiteElo "1600"]
[BlackElo "2020"]
[Result "0-1"]
[Round "1"]
1.e4 e5
2.Ng1f3 Nb8c6
3.Bf1b5 d6
4.O-O Bc8d7
5.d4 a6
6.Bb5a4 exd4
7.Nf3xd4 Nc6e5
8.Ba4xd7 Qd8xd7
9.c4 Ne5xc4
10.Nb1c3 h6
11.b3 Nc4e5
12.Bc1b2 O-O-O
13.Nc3d5 Ng8e7
14.Qd1c2 Ne7c6
15.Rf1d1 Kb8
16.a3 Nc6xd4
17.Bb2xd4 Ne5c6
18.Bd4e3 Nc6e7
19.a4 Ne7xd5
20.Rd1xd5 g6
21.Ra1d1 Bf8g7
22.e5 Bg7xe5
23.b4 Rd8e8
24.b5 a5
25.f4 Be5g7
26.Be3f2 b6
27.Bf2xb6 cxb6
28.Rd1c1 Re8c8
29.Qc2d2 Rc8xc1
30.Qd2xc1 Rh8c8
31.Qc1d1 Bg7f8
32.g4 Rc8c4
33.f5 g5
34.h3 Qd7c7
35.Qd1e2 Rc4c1
36.Kf2 Rc1c2
37.Rd5d2 Qc7c5
38.Kg3 Qc5g1
{ resign }
0-1

[Event "Tourn. n10292"]
[Site "www.echecsemail.com"]
[Date "2020.02.19"]
[Round "1"]
[White "Egdiogel"]
[Black "Koudelka"]
[WhiteElo "2410"]
[BlackElo "2579"]
[Result "1-0"]
[Round "1"]
1.d4 Ng8f6
2.c4 e6
3.Ng1f3 Bf8b4
4.Nb1d2 O-O
5.a3 Bb4xd2
6.Bc1xd2 d6
7.Qd1c2  { time }
1-0

[Event "Match"]
[Site "www.echecsemail.com"]
[Date "2020.02.19"]
[Round "1"]
[White "Liencam2"]
[Black "Coraza"]
[WhiteElo "2190"]
[BlackElo "1840"]
[Result "1-0"]
[Round "1"]
1.e4 e5
2.Ng1f3 Nb8c6
3.d4 exd4
4.c3 Bf8c5
5.cxd4 Bc5b4
6.Nb1c3 Bb4xc3
7.bxc3 Ng8f6
8.Bf1d3 O-O
9.Bc1g5 h6
10.Bg5h4 g5
11.Nf3xg5 hxg5
12.Bh4xg5 Nf6h7
13.Bg5xd8 Nc6xd8
14.Qd1g4 Kh8
15.e5 d6
16.Qg4h5 Nd8e6
17.Qh5xh7 { resign }
1-0

[Event "Match"]
[Site "www.echecsemail.com"]
[Date "2020.02.19"]
[Round "1"]
[White "Double2dutch"]
[Black "Krystek23"]
[WhiteElo "2410"]
[BlackElo "2400"]
[Result "1-0"]
[Round "1"]
1.Ng1f3 Ng8f6
2.c4 d6
3.d4 g6
4.Nb1c3 Bf8g7
5.e4 Nb8d7
6.Bf1e2 O-O
7.O-O e5
8.Rf1e1 exd4
9.Nf3xd4 b6
10.f3 Bc8b7
11.Bc1e3 c6
12.Nd4b3 Nd7e5
13.f4 Ne5d7
14.Qd1xd6 Qd8b8
15.Ra1d1 Qb8c8
16.e5 Nd7xe5
17.Qd6xe5 Nf6g4
18.Be2xg4 Qc8xg4
19.Qe5g5 Qg4xg5
20.fxg5 c5
21.Be3c1 Ra8d8
22.Nc3d5 Bb7xd5
23.cxd5 Rd8d7
24.Nb3d2 Rd7xd5
25.Nd2f3 Rd5xd1
26.Re1xd1 f6
27.b3 f5
28.Rd1d2 Rf8c8
29.Bc1b2 Bg7xb2
30.Rd2xb2 b5
31.Nf3e5 a5
32.Rb2c2 Kg7
33.Ne5d3 c4
34.bxc4 bxc4
35.Kf1 c3
36.Ke2 h6
37.gxh6 Kxh6
38.Nd3f2 Rc8e8
39.Kd3 g5
40.Kxc3 g4
41.Nf2d3 Kg5
42.g3 Re8c8
43.Kd2 Rc8f8
44.Rc2c6 f4
45.Rc6c5 Kg6
46.Nd3xf4 Kf6
47.Rc5xa5 Rf8d8
48.Ke2 Rd8e8
49.Kf2 Re8h8
50.Kg2 Rh8b8
51.Ra5a6  { time }
1-0

[Event "Tourn. n10234"]
[Site "www.echecsemail.com"]
[Date "2020.02.19"]
[Round "1"]
[White "Numanoid"]
[Black "Krystek23"]
[WhiteElo "2740"]
[BlackElo "2370"]
[Result "1-0"]
[Round "1"]
1.e4 c5
2.d3 e6
3.f4 d5
4.Bf1e2 d4
5.Ng1f3 Nb8c6
6.O-O Bf8e7
7.Nf3e5 Bc8d7
8.Nb1d2 Ng8f6
9.a4 a5
10.Nd2c4 O-O
11.Qd1e1 Nc6b4
12.Qe1d1 Bd7e8
13.c3 dxc3
14.bxc3 Nb4c6
15.Bc1e3 Qd8c7
16.Qd1e1 Nf6d7
17.Qe1g3 f5
18.Ne5xd7 Be8xd7
19.Ra1b1 Nc6a7
20.Nc4b6 Ra8d8
21.exf5 exf5
22.Nb6d5 Qc7d6
23.Be2f3 Na7c6
24.Qg3f2 Rd8b8
25.Nd5xe7 Nc6xe7
26.Be3xc5 Qd6f6
27.Bf3xb7 Rf8e8
28.Bc5d4 Qf6e6
29.Rf1e1 Qe6f7
30.Bd4e5 Rb8c8
31.Bb7xc8 Re8xc8
32.Rb1b7 Qf7d5
33.Qf2b2 Qd5e6
34.c4 Ne7c6
35.Be5c3 Qe6f7
36.Qb2b5 h6
37.Re1e3  { time }
1-0

[Event "Tourn. n10302"]
[Site "www.echecsemail.com"]
[Date "2020.02.19"]
[Round "1"]
[White "Agmdiazj"]
[Black "Patriciomeza"]
[WhiteElo "2059"]
[BlackElo "2189"]
[Result "1/2-1/2"]
[Round "1"]
1.d4 d5
2.c4 c6
3.Nb1c3 Ng8f6
4.e3 a6
5.Ng1f3 b5
6.cxd5 cxd5
7.Bf1d3 Bc8b7
8.O-O e6
9.a3 Bf8d6
10.Qd1c2 Nb8d7
11.e4 dxe4
12.Nc3xe4 Nf6xe4
13.Bd3xe4 Ra8c8
14.Qc2e2 Bb7xe4
15.Qe2xe4 O-O
16.Bc1g5 Qd8b6
17.Ra1c1 h6
18.Bg5e3 Qb6b8
{ draw }
1/2-1/2

[Event "1/128 Finale"]
[Site "www.chess-mail.com"]
[Date "2020.02.19"]
[Round "1"]
[White "Hennie4820"]
[Black "Phil4be"]
[WhiteElo "2100"]
[BlackElo "1499"]
[Result "1-0"]
[Round "1"]
1.e4 g5
2.d4 h6
3.c4 Bf8g7
4.Nb1c3 c6
5.f3 d6
6.Bc1e3 Ng8f6
7.Qd1d2 Bc8e6
8.O-O-O O-O
9.h4 gxh4
10.Be3xh6 Bg7xh6
11.Qd2xh6 Nb8d7
12.Rh1xh4 b5
13.Qh6h8 
1-0

[Event "Tourn. n10279"]
[Site "www.echecsemail.com"]
[Date "2020.02.20"]
[Round "1"]
[White "Apdash"]
[Black "Esperanza"]
[WhiteElo "2250"]
[BlackElo "2060"]
[Result "0-1"]
[Round "1"]
1.e4 c5
2.Ng1f3 d6
3.Bf1c4 e6
4.d4 cxd4
5.Nf3xd4 Ng8f6
6.Nb1c3 a6
7.Bc4b3 Bf8e7
8.O-O O-O
9.f3 Qd8c7
10.Bc1e3 Nb8c6
11.Nc3e2 Rf8e8
12.c3 Nc6a5
13.Bb3c2 Na5c4
14.Be3c1 b5
15.b3 Nc4a5
16.Bc1e3 Bc8b7
17.Ra1c1 Ra8c8
18.Qd1d2 Na5c6
19.Bc2d3 Nc6e5
20.Bd3b1 d5
21.exd5 Nf6xd5
22.Be3f2 Re8d8
23.Qd2c2 g6
24.h4 Nd5f6
25.Ne2f4 Ne5xf3
26.Nd4xf3 Qc7xf4
27.Bf2b6 Be7c5
28.Bb6xc5 Rc8xc5
29.Nf3g5 Qf4xh4
30.Rf1xf6 Rc5xg5
31.Rf6f2 Rg5h5
{ resign }
0-1

[Event "Tourn. n10250"]
[Site "www.echecsemail.com"]
[Date "2020.02.20"]
[Round "1"]
[White "Seger"]
[Black "Jerome"]
[WhiteElo "2830"]
[BlackElo "2890"]
[Result "1/2-1/2"]
[Round "1"]
1.e4 c5
2.c4 Nb8c6
3.Ng1f3 e5
4.Nb1c3 d6
5.d3 f5
6.exf5 Bc8xf5
7.Bf1e2 Bf8e7
8.O-O Ng8f6
9.Nf3g5 O-O
10.Ng5e4 Nc6d4
11.Ne4xf6 Be7xf6
12.Be2g4 Bf6g5
13.Bg4xf5 Nd4xf5
14.f4 exf4
15.Bc1xf4 Bg5f6
16.Qd1h5 Qd8e8
17.Qh5h3 Qe8g6
18.Ra1e1 Ra8e8
19.Re1xe8 Rf8xe8
20.Kh1 Bf6e5
21.Nc3e4 b6
22.Bf4xe5 Re8xe5
23.Kg1 h5
24.a3 d5
25.cxd5 Re5xd5
26.Qh3f3 Rd5e5
27.b4 cxb4
28.axb4 Qg6e8
29.h3 Qe8e7
30.Qf3f4 Kh7
31.Ne4g5 Kg6
32.Ng5f3 Re5e2
33.Rf1f2 Qe7e3
34.Qf4xe3 Re2xe3
35.Rf2c2 Kf6
36.Rc2c6 Re3e6
37.Rc6c8 { draw }
1/2-1/2

[Event "Tourn. n10270"]
[Site "www.echecsemail.com"]
[Date "2020.02.20"]
[Round "1"]
[White "Mb20"]
[Black "Francesco"]
[WhiteElo "1809"]
[BlackElo "2000"]
[Result "0-1"]
[Round "1"]
1.d4 Ng8f6
2.c4 g6
3.Nb1c3 Bf8g7
4.e4 d6
5.f3 O-O
6.Bc1e3 Nb8d7
7.Qd1d2 e5
8.d5 Nf6h5
9.O-O-O f5
10.Bf1d3 fxe4
11.Nc3xe4 Nd7f6
12.Ng1e2 Nf6xe4
13.Bd3xe4 Bc8d7
14.Be3g5 Bg7f6
15.Bg5xf6 Nh5xf6
16.Be4c2 Qd8e7
17.Ne2g3 a6
18.Qd2h6 Qe7g7
19.Qh6xg7 Kxg7
20.Rh1e1 Rf8f7
21.Ng3e4 Nf6xe4
22.Bc2xe4 Bd7f5
23.Be4xf5 gxf5
24.g3 Kf6
25.h4 Ra8g8
26.Re1g1 Rf7g7
27.Rd1d2 Rg7xg3
{ resign }
0-1

[Event "Tourn. n10298"]
[Site "www.echecsemail.com"]
[Date "2020.02.20"]
[Round "1"]
[White "Roque1"]
[Black "Patriciomeza"]
[WhiteElo "1820"]
[BlackElo "1809"]
[Result "0-1"]
[Round "1"]
1.e4 Ng8f6
2.Nb1c3 d5
3.exd5 Nf6xd5
4.Nc3xd5 Qd8xd5
5.Ng1f3 Nb8c6
6.c4 Qd5a5
7.Bf1e2 g5
8.O-O Bf8g7
9.d4 g4
10.Nf3e5 Nc6xd4
11.Ne5xg4 Bc8e6
12.Bc1d2 Qa5a6
13.Bd2c3 O-O-O
14.Ng4e3 Nd4f3
15.gxf3 Rd8xd1
16.Ra1xd1 Bg7xc3
17.bxc3 Be6h3
18.Kh1 Bh3xf1
19.Be2xf1 Qa6xa2
20.Bf1h3 e6
21.Ne3g4 Qa2e2
22.Rd1d4 Qe2xf3
23.Bh3g2 Qf3xc3
24.Rd4f4 Qc3c1
25.Bg2f1 Qc1xf1

0-1

[Event "Match"]
[Site "www.echecsemail.com"]
[Date "2020.02.20"]
[Round "1"]
[White "Mb20"]
[Black "Liencam2"]
[WhiteElo "1809"]
[BlackElo "2200"]
[Result "0-1"]
[Round "1"]
1.d4 Ng8f6
2.c4 e6
3.Ng1f3 b6
4.g3 Bc8b7
5.Bf1g2 Bf8e7
6.O-O O-O
7.Nb1c3 Nb8a6
8.a3 d5
9.b3 c5
10.Nf3e5 cxd4
11.Qd1xd4 Na6c5
12.Ra1b1 Nc5d7
13.Ne5xd7 Qd8xd7
14.cxd5 Rf8d8
15.Rf1d1 exd5
16.Bc1g5 h6
17.Bg5c1 Be7c5
18.Qd4d3 Nf6g4
19.e3 Ng4e5
20.Qd3e2 Qd7e6
21.Bc1b2 Ra8b8
22.Qe2h5 Ne5g4
23.Bg2h3 f5
24.Bh3xg4 fxg4
25.Nc3e2 Qe6e4
26.Qh5e5 d4
27.Qe5xe4 Bb7xe4
28.Ne2xd4 Be4xb1
29.Rd1xb1 Rb8c8
30.Nd4e6 Rd8d7
{ resign }
0-1

[Event "Tourn. n10254"]
[Site "www.echecsemail.com"]
[Date "2020.02.20"]
[Round "1"]
[White "Ditto"]
[Black "Picifarkinca"]
[WhiteElo "2000"]
[BlackElo "1800"]
[Result "1-0"]
[Round "1"]
1.e4 c5
2.Bf1c4 e6
3.Ng1f3 Nb8c6
4.d3 d5
5.exd5 exd5
6.Bc4b5 Bf8d6
7.O-O Ng8e7
8.Bc1g5 f6
9.Bg5d2 O-O
10.c3 Bc8d7
11.Bd2e3 b6
12.Bb5a4 Kh8
13.Ba4c2 Qd8c7
14.Rf1e1 Ne7f5
15.d4 c4
16.Nb1a3 a6
17.Qd1b1 Qc7c8
18.Qb1d1 Nf5xe3
19.Re1xe3 Rf8e8
20.Re3xe8 Qc8xe8
21.Bc2b1 Qe8h5
22.Bb1c2 Bd7g4
23.h3 Bg4xf3
24.Qd1xf3 Qh5xf3
25.gxf3 Ra8e8
26.Bc2f5 Re8e2
27.Ra1b1 Bd6xa3
28.bxa3 b5
29.a4  { time }
1-0

[Event "Match"]
[Site "www.echecsemail.com"]
[Date "2020.02.20"]
[Round "1"]
[White "Add"]
[Black "Stevep84"]
[WhiteElo "2080"]
[BlackElo "2280"]
[Result "1/2-1/2"]
[Round "1"]
1.e4 c6
2.d4 d5
3.e5 c5
4.c3 Nb8c6
5.Bc1e3 Qd8b6
6.Qd1b3 Qb6xb3
7.axb3 cxd4
8.cxd4 Bc8f5
9.Nb1a3 a6
10.Ng1f3 e6
11.Bf1e2 Bf8b4
12.Be3d2 Bb4xd2
13.Kxd2 Ng8e7
14.Na3b5 O-O
15.Nb5d6 b5
16.Rh1c1 Bf5g6
17.Ke1 Rf8b8
18.h3 Nc6b4
19.Kd2 Ne7f5
20.Nd6xf5 Bg6xf5
21.Nf3h4 Bf5g6
22.Nh4xg6 hxg6
23.Rc1c5 Rb8c8
24.Ra1c1 Rc8xc5
25.Rc1xc5 Kf8
26.Kc3 Nb4a2
27.Kd2 Ke8
28.Rc5c7 Ra8d8
29.f4 Rd8d7
30.Rc7xd7 Kxd7
31.g4 Kc6
32.Kc2 Kb6
33.Be2f3 Ka5
34.h4 Na2b4
35.Kc3 Nb4c6
36.f5 gxf5
37.gxf5 b4
38.Kd3 Kb5
39.fxe6 fxe6
40.Bf3g4 Nc6d8
41.Ke3 a5
42.Bg4e2 Kb6
43.Be2g4 Kc7
44.Bg4h5 Kd7
45.Kd3 Nd8c6
46.Bh5g4 Ke7
47.h5 Kf7
48.Ke3 Ke7
49.Kd3 { draw }
1/2-1/2

[Event "Tourn. n10265"]
[Site "www.echecsemail.com"]
[Date "2020.02.20"]
[Round "1"]
[White "Krystek23"]
[Black "Rons"]
[WhiteElo "2440"]
[BlackElo "2560"]
[Result "0-1"]
[Round "1"]
1.c4 Ng8f6
2.Nb1c3 g6
3.Ng1f3 Bf8g7
4.e3 c5
5.d4 cxd4
6.exd4 d5
7.cxd5 Nf6xd5
8.Bf1e2 O-O
9.O-O Nb8c6
10.Bc1e3 Bc8e6
11.Qd1d2 Nd5xe3
12.fxe3 Ra8c8
13.Ra1d1 Qd8a5
14.Qd2e1 Nc6b4
15.e4 Qa5d8
16.d5 Be6g4
17.Qe1d2 Qd8b6
18.Kh1 Nb4a6
19.Nc3a4 Qb6b4
20.Na4c3 Na6c5
21.a3 Bg7xc3
22.bxc3 Qb4xe4
23.Rd1e1 Qe4a4
24.Qd2e3 e6
25.Nf3g5 Bg4xe2
26.Re1xe2 exd5
27.Qe3h3 h5
28.Re2f2 f5
29.Qh3g3 Qa4g4
30.Ng5h3 Qg4xg3
31.hxg3 Nc5e4
32.Rf2f3 Ne4d2
33.Nh3f4 Nd2xf1
34.Rf3xf1 Kf7
 { time }
0-1

[Event "Tourn. n10294"]
[Site "www.echecsemail.com"]
[Date "2020.02.20"]
[Round "1"]
[White "Patriciomeza"]
[Black "Roque1"]
[WhiteElo "1809"]
[BlackElo "1820"]
[Result "1-0"]
[Round "1"]
1.e4 c5
2.Ng1f3 e6
3.d4 cxd4
4.Nf3xd4 Ng8f6
5.Nb1c3 Bf8b4
6.e5 Bb4xc3
7.bxc3 Nf6d5
8.Qd1g4 O-O
9.Bc1h6 g6
10.h4 Qd8a5
11.Rh1h3 Nd5xc3
12.Bh6d2 Qa5xe5
13.Rh3e3 Qe5c7
14.Bd2xc3 d5
15.h5 e5
16.Qg4g3 Rf8e8
17.hxg6 fxg6
18.Nd4b5 Qc7c5
19.Re3xe5 Re8xe5
20.Qg3xe5 Qc5f8
21.Qe5xd5 Qf8f7
22.Qd5d8 Qf7f8
23.Bf1c4 Bc8e6
24.Bc4xe6 
1-0

[Event "Tourn. n10269"]
[Site "www.echecsemail.com"]
[Date "2020.02.20"]
[Round "1"]
[White "Asoka"]
[Black "Krystek23"]
[WhiteElo "2700"]
[BlackElo "2440"]
[Result "1-0"]
[Round "1"]
1.b3 b6
2.Bc1b2 Bc8b7
3.Ng1f3 d6
4.d4 Ng8f6
5.c4 Nb8d7
6.e3 e6
7.Bf1d3 Bf8e7
8.Nb1c3 O-O
9.e4 c5
10.d5 e5
11.g3 Rf8e8
12.Nf3h4 g6
13.Nh4g2 Be7f8
14.Qd1d2 a6
15.f3 h5
16.h3 Ra8a7
17.Bb2c1 Kh7
18.g4 b5
19.cxb5 axb5
20.Nc3xb5 Ra7a8
21.g5 Nf6g8
22.a4 Bf8g7
23.Nb5xd6 Re8f8
24.Nd6xb7 Qd8c7
25.Bd3b5 Qc7xb7
26.Bb5c6 Qb7a7
27.Bc6xa8 Rf8xa8
28.Qd2d3 Ng8e7
29.Ng2e3 Ne7c8
30.Ne3c4 Bg7f8
31.a5 Nc8d6
32.O-O Qa7a6
33.Bc1b2 Bf8g7
34.f4 Ra8e8
35.fxe5 Nd6xc4
36.e6 Qa6b7
37.Rf1xf7 Nc4xb2
38.Qd3c3  { time }
1-0

[Event "Match"]
[Site "www.echecsemail.com"]
[Date "2020.02.20"]
[Round "1"]
[White "Micheles"]
[Black "Joseph1983"]
[WhiteElo "2610"]
[BlackElo "2220"]
[Result "1-0"]
[Round "1"]
1.d4 Ng8f6
2.Ng1f3 g6
3.Bc1g5 Bf8g7
4.Nb1d2 d5
5.e3 O-O
6.Bf1e2 Nb8c6
7.O-O Nf6e4
8.Bg5f4 Bc8f5
9.c4 Ne4xd2
10.Nf3xd2 e5
11.dxe5 Nc6xe5
12.Qd1b3 dxc4
13.Nd2xc4 Ne5xc4
14.Be2xc4 Bf5e4
15.Qb3a3 Qd8f6
16.f3 Be4f5
17.Ra1d1 a6
18.g4 Bf5c8
19.Bf4xc7 Qf6c6
20.Bc7d6 Rf8e8
21.Bc4d5 Qc6b6
22.Rf1f2 Bc8e6
23.Bd6c5 Qb6d8
24.e4 Be6xd5
25.Rd1xd5 Qd8h4
26.Qa3b3 Ra8d8
27.Bc5d6 b5
28.Qb3d3 Rd8c8
29.Bd6g3 Qh4f6
30.Kg2 Re8d8
31.Rf2d2 Rd8xd5
32.exd5 Bg7h6
33.Rd2e2 Bh6f4
34.Bg3xf4 Qf6xf4
35.d6 { resign }
1-0

[Event "Tourn. n10250"]
[Site "www.echecsemail.com"]
[Date "2020.02.20"]
[Round "1"]
[White "Numanoid"]
[Black "Jerome"]
[WhiteElo "2740"]
[BlackElo "2890"]
[Result "1/2-1/2"]
[Round "1"]
1.e4 c5
2.d3 e6
3.f4 a6
4.Ng1f3 d5
5.Bf1e2 dxe4
6.dxe4 Qd8xd1
7.Be2xd1 b5
8.a4 Bc8b7
9.e5 b4
10.Nb1d2 Nb8c6
11.Nd2c4 Nc6d4
12.O-O Bb7d5
13.Nf3d2 h5
14.c3 Nd4f5
15.Bd1e2 Ra8d8
16.Rf1d1 h4
17.Nd2f1 Ng8h6
18.Nf1e3 Bd5e4
19.Rd1xd8 Kxd8
20.Ne3xf5 Nh6xf5
21.Nc4e3 Rh8h6
22.Kf2 Rh6g6
23.Be2f3 Be4xf3
24.Kxf3 Bf8e7
25.Bc1d2 Rg6h6
26.Ke4 Rh6g6
27.Ra1d1 Kc7
28.Kf3 bxc3
{ draw }
1/2-1/2

[Event "Match"]
[Site "www.echecsemail.com"]
[Date "2020.02.21"]
[Round "1"]
[White "Krokolis"]
[Black "Bjonil60"]
[WhiteElo "1599"]
[BlackElo "1430"]
[Result "1-0"]
[Round "1"]
1.e4 e5
2.Nb1c3 Qd8e7
3.d3 Nb8c6
4.Ng1f3 g6
5.Bc1g5 f6
6.Bg5h4 g5
7.Bh4g3 d6
8.d4 Nc6d8
9.Bf1c4 Ng8h6
10.dxe5 fxe5
11.Nc3d5 Qe7g7
12.Qd1d2 c6
13.Nd5e3 b5
14.Bc4b3 g4
15.Nf3h4 Bf8e7
16.O-O c5
17.Bb3d5 Ra8b8
18.Nh4f5 Nh6xf5
19.Ne3xf5 Qg7f6
20.Bg3h4 Qf6f8
21.Bh4xe7 Qf8xe7
22.Nf5xe7 Kxe7
23.Qd2g5 Kd7
24.Qg5g7 Nd8f7
25.Qg7xf7 Kd8
26.Qf7f6 Kc7
27.Qf6xh8 Bc8b7
28.Qh8xh7 Kb6
29.Qh7d7 Bb7xd5
30.exd5 c4
31.Qd7xd6 Ka5
32.Qd6xb8 a6
33.Qb8xe5 Kb4
34.c3 Ka5
35.d6 Ka4
36.Qe5c5 Ka5
37.d7 Ka4
38.Qc5b4 
1-0

[Event "Match"]
[Site "www.echecsemail.com"]
[Date "2020.02.21"]
[Round "1"]
[White "Mb20"]
[Black "Hundegana"]
[WhiteElo "1809"]
[BlackElo "1990"]
[Result "1/2-1/2"]
[Round "1"]
1.d4 f5
2.g3 e6
3.Bf1g2 d5
4.c4 dxc4
5.Qd1a4 c6
6.Qa4xc4 Ng8f6
7.Ng1f3 b5
8.Qc4c2 Bf8b4
9.Bc1d2 Bb4xd2
10.Nb1xd2 O-O
11.O-O Bc8b7
12.Nf3e5 Qd8xd4
13.Nd2f3 Qd4d8
14.Nf3g5 Bb7c8
15.Ne5xc6 Nb8xc6
16.Qc2xc6 Ra8b8
17.Ng5xe6 Bc8xe6
18.Qc6xe6 Kh8
19.Ra1c1 Rf8e8
20.Qe6xf5 Re8xe2
21.Rc1c2 Re2xc2
22.Qf5xc2 a6
23.Rf1d1 Qd8c8
24.Qc2xc8 Rb8xc8
25.Bg2b7 Rc8b8
26.Bb7xa6 b4
27.Rd1c1 h6
28.Rc1c8 Rb8xc8
29.Ba6xc8 Kg8
30.Kf1 Kf7
31.Bc8a6 Ke6
32.Ke2 { draw }
1/2-1/2

[Event "Tourn. n10232"]
[Site "www.echecsemail.com"]
[Date "2020.02.21"]
[Round "1"]
[White "Jerome"]
[Black "Obisporey"]
[WhiteElo "2770"]
[BlackElo "2570"]
[Result "1-0"]
[Round "1"]
1.e4 c5
2.Ng1f3 e6
3.d4 cxd4
4.Nf3xd4 a6
5.c4 Ng8f6
6.Nb1c3 Bf8b4
7.Qd1d3 d6
8.Nd4c2 Bb4xc3
9.Qd3xc3 O-O
10.Bc1g5 Nb8d7
11.f3 b5
12.Qc3d4 bxc4
13.Qd4xd6 Qd8a5
14.Bg5d2 Qa5e5
15.Qd6xe5 Nd7xe5
16.Bd2c3 Ne5d3
17.Bf1xd3 cxd3
18.Nc2d4 Bc8d7
19.O-O-O e5
20.Nd4b3 Bd7b5
21.Bc3xe5 Nf6d7
22.Be5c3 Rf8d8
23.Kb1 Nd7f8
24.Nb3d4 Ra8b8
25.Nd4f5 Nf8e6
26.Rd1d2 f6
27.Rh1c1 Kf7
28.b3 Rb8c8
29.Bc3b4 Rc8xc1
30.Kxc1 Ne6d4
31.Nf5d6 Ke6
32.Nd6xb5 Nd4xb5
33.Kb2 f5
34.exf5 Kxf5
35.a4 Nb5a7
36.Bb4a5 Rd8d7
37.Ba5b6 Na7c6
38.Kc3 Nc6e5
39.Bb6d4 Rd7c7
40.Kb2 Rc7d7
41.Bd4xe5 Kxe5
42.Kc3 a5
43.Rd2xd3 Rd7c7
44.Kb2 h6
45.b4 axb4
46.Kb3 Rc7c1
47.a5 Rc1b1
48.Ka4 Rb1a1
49.Kxb4 Ra1a2
50.Rd3a3 Ra2b2
51.Kc4 Rb2c2
52.Kd3 Rc2c8
53.a6 Kd5
54.a7 Rc8a8
55.f4 Kc6
56.Ke4 g6
57.Ke5 { resign }
1-0

[Event "Tourn. n10253"]
[Site "www.echecsemail.com"]
[Date "2020.02.21"]
[Round "1"]
[White "Numanoid"]
[Black "D4minance"]
[WhiteElo "2780"]
[BlackElo "2880"]
[Result "1/2-1/2"]
[Round "1"]
1.e4 c5
2.d3 g6
3.f4 Bf8g7
4.Ng1f3 d5
5.Bf1e2 dxe4
6.dxe4 Qd8xd1
7.Be2xd1 Nb8c6
8.O-O Ng8f6
9.Nb1c3 O-O
10.e5 Nf6e8
11.Bc1e3 b6
12.Bd1e2 f6
13.Be2c4 e6
14.exf6 Ne8xf6
15.Ra1d1 Nf6g4
16.Be3c1 Nc6d4
17.Rf1e1 Nd4xc2
18.Re1xe6 Kh8
19.Re6e7 Bg7f6
20.Re7f7 Rf8xf7
21.Bc4xf7 Kg7
22.Bf7d5 Ra8b8
23.h3 Ng4e3
24.Bc1xe3 Nc2xe3
25.Rd1d2 a5
26.Kf2 Bf6xc3
27.bxc3 Ne3xd5
28.Rd2xd5 Bc8e6
29.Rd5d2 h6
30.Nf3e5 b5
31.Rd2d6 Be6xa2
32.Rd6xg6 Kh7
33.Rg6a6 b4
34.Ra6a7 Kh8
35.f5 Rb8b6
36.Ra7a8 Ba2g8
37.Ne5d7 bxc3
38.f6 Kh7
39.Nd7f8 { draw }
1/2-1/2

[Event "Tourn. n10286"]
[Site "www.echecsemail.com"]
[Date "2020.02.21"]
[Round "1"]
[White "Apdash"]
[Black "Bigrezi"]
[WhiteElo "2170"]
[BlackElo "2270"]
[Result "1-0"]
[Round "1"]
1.e4 c5
2.Ng1f3 d6
3.d4 cxd4
4.Nf3xd4 Ng8f6
5.Nb1c3 a6
6.Bf1d3 e5
7.Nd4e2 Nb8c6
8.O-O Bf8e7
9.Kh1 O-O
10.f4 Bc8g4
11.fxe5 dxe5
12.Nc3d5 Nf6xd5
13.exd5 Nc6d4
14.c4 Be7c5
15.h3 Bg4h5
16.Qd1d2 Qd8d7
17.Ne2xd4 Bc5xd4
18.Ra1b1 Ra8c8
19.Bd3f5 Qd7e7
20.Bf5xc8 Rf8xc8
21.b3 Bh5g6
22.Bc1b2 Bg6xb1
23.Rf1xb1 Bd4xb2
24.Rb1xb2 b5
25.d6 Qe7d7
26.Rb2c2 bxc4
27.bxc4 f6
28.Qd2d5 Kh8
29.c5 h6
30.c6 Qd7d8
31.Rc2b2 Kh7
32.Rb2b7 h5
33.Qd5f7 Qd8h8
34.Qf7xh5 Kg8
35.Qh5f7 Kh7
36.d7 Rc8xc6
37.d8Q { resign }
1-0